Normal view
MARC view
Entry Personal Name
001 - CONTROL NUMBER
- control field: 6950
003 - CONTROL NUMBER IDENTIFIER
- control field: BD-RjUL
005 - DATE AND TIME OF LATEST TRANSACTION
- control field: 20230212153111.0
008 - FIXED-LENGTH DATA ELEMENTS
- fixed length control field: 230212|| aca||aabn | a|a d
040 ## - CATALOGING SOURCE
- Original cataloging agency: BD-RjUL
- Transcribing agency: BD-RjUL
100 ## - HEADING--PERSONAL NAME
- Personal name: مرتاض، عبد الملك. Murtāḍ, ʻAbd al-Malik
670 ## - SOURCE DATA FOUND
- Source citation: Work cat.: (BD-RjUL)81209: مرتاض، عبد الملك. Murtāḍ, ʻAbd al-Malik., السبع المعلقات al-Sabʻ al-Muʻallaqāt /, 1997